00507nam a2200157Ia 4500008004100000020001400041082001700055100001900072245008700091250000700178260004500185300002900230500001900259600002100278650005000299240925s9999 xx 000 0 und d a135708133 a005.7585 FAN aFang ,Walter - 0aVisual Age for Smalltalk and SOMobject: developing distributed object applications aNA aNew Jersey:bPrintice- Hall Int.c,1997. axxiv,276p.bNAfOriginal aIncludes Index aComputer Science aComputer science, information & general works